Loading...
| Mythology | 0 | 7 | 1 | 0 | 65 | 52 | 77.43 | 6 | 7 | 0.00 | 0.00 |
| Philosophy | 0 | 6 | 0 | 2 | 60 | 94 | 123.67 | 0 | 4 | 0.00 | 0.00 |
| Religion | 0 | 6 | 0 | 1 | 60 | 65 | 112.50 | 1 | 3 | 0.00 | 0.00 |
| History - American | 0 | 4 | 1 | 0 | 35 | 76 | 101.25 | 0 | 3 | 0.00 | 0.00 |
| History - World | 0 | 3 | 2 | 1 | 20 | 107 | 124.67 | 1 | 2 | 0.00 | 0.00 |
| History - European | 0 | 2 | 1 | 1 | 15 | 102 | 117.00 | 0 | 0 | 0.00 | 0.00 |
| Social Science | 0 | 2 | 2 | 0 | 10 | 85 | 87.50 | 0 | 1 | 0.00 | 0.00 |
| Literature - European | 0 | 1 | 0 | 0 | 10 | 119 | 119.00 | 0 | 0 | 0.00 | 0.00 |
| Other Academic | 0 | 1 | 0 | 0 | 10 | 108 | 108.00 | 0 | 1 | 0.00 | 0.00 |
| Pop Culture | 0 | 1 | 0 | 0 | 10 | 27 | 27.00 | 1 | 1 | 0.00 | 0.00 |
| Fine Arts - Other | 0 | 1 | 1 | 0 | 5 | 141 | 141.00 | 0 | 0 | 0.00 | 0.00 |
| Science - Physics | 0 | 0 | 0 | 0 | 0 | 0.00 | 0 | 0 | 0.00 | 0.00 | |
| Literature - World | 0 | 0 | 0 | 0 | 0 | 0.00 | 0 | 0 | 0.00 | 0.00 | |
| History - Other | 0 | 0 | 3 | 0 | -15 | 0.00 | 0 | 0 | 0.00 | 0.00 |